Statistics for Countries by Dictator

Click here to take the quiz!

General Stats

  • This quiz has been taken 118 times
  • The average score is 13 of 14

Answer Stats

DictatorAnswer% Correct
Mao ZedongChina
100%
Napoleon BonaparteFrance
100%
Adolf HitlerGermany
100%
Kim Il-SungNorth Korea
100%
Benito MussoliniItaly
99%
Fidel CastroCuba
98%
Josef StalinRussia
97%
Saddam HusseinIraq
96%
Julius CaesarRome
94%
Francisco FrancoSpain
91%
Pol PotCambodia
86%
Ayatollah KhmeiniIran
85%
Nicolae CeausescuRomania
79%
Idi AminUganda
72%

Score Distribution

Percentile by Number Answered

Percent of People with Each Score

Your Score History

You have not taken this quiz